000
00330 a2200109 4500
001
ART_10007
005
20260410161653.0
008
260409a
245
1
0
_a
Capital intelectual = capacidad x compromiso
100
1
_a
Ulrich, Dave
773
0
_t
Harvard Deusto Business Review
_g
- NÂș 86 (sep./oct 1998)
_w
REV521
999
_c
14476
_d
14476